000 00617nam a2200229Ia 4500
003 OSt
005 20220925203701.0
006 a|||||r|||| 00| 0
007 ta
008 220923b |||||||| |||| 00| 0 eng d
037 _cGeneral Book
040 _aRTL
_cRTL
_beng
041 _2eng
_aeng
082 _aX9:(Z).73.N7, L2
100 _aGetz George
_9266771
245 0 _aBusiness law
260 _aEnglewood
_bCliffs N J Prentice-Hall
_c1972
300 _ax,564p.
_ccm.
650 _aIndustrial Economy
942 _hX9:(Z).73.N7, L2
_cGB
_2CC
999 _c547395
_d547395